ひらがな・カタカナを含む私立大学 - Statistics

General Stats
  • This quiz has been taken 111 times
  • The average score is 5 of 32
Answer Stats
Hint Answer % Correct
埼玉県 ものつくり大学
59%
デジタルハリウッド大学
55%
秋田県 ノースアジア大学
41%
大分県 立命館アジア太平洋大学
34%
群馬県 群馬パース大学
28%
フェリス女学院大学
21%
福岡県 サイバー大学
21%
茨城県 茨城キリスト教大学
18%
滋賀県 長浜バイオ大学
18%
静岡県 聖隷クリストファー大学
17%
愛媛県 聖カタリナ大学
17%
びわこ成蹊スポーツ大学
16%
神奈川県 聖マリアンナ医科大学
13%
京都府 京都ノートルダム女子大学
13%
広島県 エリザベト音楽大学
11%
ノートルダム清心女子大学
11%
愛知県 愛知みずほ大学
9%
日本ウェルネススポーツ大学
8%
ルーテル学院大学
8%
びわこ学院大学
8%
沖縄県 沖縄キリスト教学院大学
7%
つくば国際大学
5%
ヤマザキ動物看護大学
5%
山口県 宇部フロンティア大学
5%
北海道 北海道千歳リハビリテーション大学
4%
熊本県 九州ルーテル学院大学
4%
東京都 こども教育宝仙大学
3%
ビジネス・ブレークスルー大学
3%
岡山県 くらしき作陽大学
3%
大阪府 大阪河﨑リハビリテーション大学
1%
ロシア極東連邦総合大学
0%
聖マリア学院大学
0%
No matching quizzes found
Score Distribution
Percent of People with Each Score
Percentile by Number Answered
Your Score History
You have not taken this quiz